000 00413nam a2200181Ia 4500
005 20250423101016.0
008 250422s9999 xx 000 0 und d
020 _a9780199288236
050 _aKN 170 .O4/
100 _aOldham, M.
245 0 _aStatutes on family law
250 _a15th ed.
260 _aNewyork
260 _bOxford university press.
260 _c2007
300 _a645 p
942 _cBK
999 _c35003
_d35003